00754nam a2200229 i 450000100060000000300090000600500170001500700030003200800410003502000140007608000090009008000120009910000240011124501120013526000990024730000210034649000390036765000220040670000240042883000390045285200330049120124ES-MaACL20250816062544.0t|021129s2002 sp ||||1| spa d a84-1189-6 a7.01 a111.8521 aJauss, Hans Robert.10aPequeña apología de la experiencia estética / c[traducción e] introducción de Daniel Innerarity. aBarcelona : bPaidós Ibérica : bI.C.E de la Universidad Autónoma de Barcelona, c[2002] a95 p. ; c20 cm.1 aPensamiento contemporáneo ; v67 7aEstética2embne1 aInnerarity, Daniel.0 aPensamiento contemporáneo ; v67 aES-MaACLjL-26059 bR.131883